01617nam a2200337   4500003000900000005001700009008004100026017001400067020001500081040004600096041000800142082003000150092000700180099004600187100006300233245023400296250003000530264007200560300002700632336002200659337002400681338003300705504010800738546010200846650004100948856005700989905000701046942001901053999001701072952019001089EG-GICUC20260121101217.0251113r2012    ua ||||fr|||| 00| 0 ara d  a200913733  a9773790954  a EG-GICUCbarac EG-GICUCd EG-GICUCerda0 aara04221a341.851bف ؤ . ت04221  aLaw1 12	341.851  ف ؤ . ت	1 ed - 20100 aفؤاد محمد محمد أبوطالبeمؤلف.12aالتحكيم الدولى فى منازعات الإستثمار الأجنبية وفقاً لأحكام القانون الدولى العام :bدراسة مقارنة /cفؤاد محمد محمد أبوطالب.  aالطبعة الاولى 1aالإسكندرية :bدار الفكر الجامعى،c2010.  a493؛صفحةc24 سم  2rda contentatext  2rda mediaaComputer  2rda carrieraOnline Resource  aيحتوي على ارجاعات ببليوجرافية
يحتوي على قائمة بالمراجع  aالنص أغلبه باللغة العربية مع بعض النصوص الإنجليزية1 aالتحكيم - قانون دولي40uhttps://fll.law.cu.edu.eg/fulltext/bks/B12-01359.pdf  a75  2ddcn0cBKe21  c43024d43024  00102ddc40718القانون الدولي الخاصaCUbLAW1d2025-11-13l0oLaw1 12	341.851  ف ؤ . ت	1 ed - 2010 1201359	C1pB12-01359r2025-11-13 11:51:23t1w2025-11-13yBK